Urban Geography : an Introductory Guide

Salvato in:
Dettagli Bibliografici
Autore principale: Clark, David (Autore)
Natura: Libro
Lingua:inglese
Pubblicazione: London : Croom Helm, 1982
Edizione:1. vydanie
Soggetti:
Tags: Aggiungi Tag
Nessun Tag, puoi essere il primo ad aggiungerne!!

MARC

LEADER 00000nam a22000003a 4500
001 stu10607
005 20150617225634.9
008 941020s1982----uk------------------eng-d
020 |a 070990732X 
040 |a STU  |b slo 
041 0 |a eng 
044 |a uk 
100 1 |a Clark, David  |4 aut 
245 1 |a Urban Geography :  |b an Introductory Guide 
250 |a 1. vydanie 
260 |a London :  |b Croom Helm,  |c 1982 
300 |a 231 s 
650 7 |a urbanizmus  |2 stusub 
650 7 |a geografia hospodárska  |2 stusub 
996 |b 284AU01126  |c A*744 U  |l AAKNAR  |s A  |a 24  |w stu10607_0001